000 00335 a2200157 4500
001 71999
020 _a9788508053490
040 _cAnchieta - Colégio São Paulo
100 _aRagache, Gilles
240 1 0 _aOs vikings
_lpor
245 1 0 _aOs vikings
300 _a47
362 0 _a2007
650 4 _aLiteratura juvenil
942 _cBK
999 _c71999
_d71999